Transformation Process and Service Sector in V4 Countries
Nová inštitucionálna ekonomická teória. Teória transakčných nákladov a jej vplyv na sektor služieb. Inštitucionálne prostredie a hodnotenie rizika krajiny. Kvantitatívna analýza medzi rizikom krajiny (Coface Country Risk Assessment) a indexom ekonomickej slobody (The Heritage Foundation Economic Fre...
Salvato in:
| Autore principale: | |
|---|---|
| Altri autori: | |
| Natura: | Capitolo di libro |
| Lingua: | inglese |
| Soggetti: | |
| Tags: |
Nessun Tag, puoi essere il primo ad aggiungerne!!
|
MARC
| LEADER | 00000naa$a2200000$$$4500 | ||
|---|---|---|---|
| 001 | 0246383 | ||
| 005 | 20240502083657.6 | ||
| 041 | 0 | |a eng | |
| 044 | |a PL | ||
| 245 | 1 | 0 | |a Transformation Process and Service Sector in V4 Countries |c Miroslava Čukanová, Dušan Steinhauser |
| 520 | |a Nová inštitucionálna ekonomická teória. Teória transakčných nákladov a jej vplyv na sektor služieb. Inštitucionálne prostredie a hodnotenie rizika krajiny. Kvantitatívna analýza medzi rizikom krajiny (Coface Country Risk Assessment) a indexom ekonomickej slobody (The Heritage Foundation Economic Freedom Index). Transformačný proces v krajinách V4, dominancia sektoru služieb. Identifikácia štrukturálneho spôsobu rozvoja krajín V4 z pohľadu Slovenskej republiky, charakteristika súčasnej situácie inštitucionálneho a makroekonomického prostredia a vplyvu inštitucionálneho prostredia na hodnotenie rizík analyzovaných krajín. | ||
| 610 | 2 | 0 | |a služby |
| 610 | 2 | 0 | |a neoinštitucionalizmus |
| 610 | 2 | 0 | |a teórie ekonomické |
| 610 | 2 | 0 | |a procesy sociálno-ekonomické |
| 610 | 2 | 0 | |a analýza kvantitatívna |
| 610 | 2 | 0 | |a prostredie ekonomické |
| 610 | 2 | 0 | |a riziko |
| 610 | 2 | 0 | |a index ekonomickej slobody |
| 610 | 2 | 0 | |a Vyšehradská štvorka |
| 610 | 2 | 0 | |a Slovensko |
| 100 | 1 | |a Čukanová, Miroslava, 1984- | |
| 700 | 1 | |a Steinhauser, Dušan, 1988- | |